Städteraten - USA - Statistiken

Allgemein
  • Dieses Quiz wurde 239 mal gespielt
  • Das Durchschnittsergebnis liegt bei 11 aus 15
Antwortstatistiken
Hint Antwort % Korrekt
Hier steht die Freiheitsstatue New York
100%
Hollywood befindet sich hier Los Angeles
98%
Hauptstadt der USA Washington
96%
Urlaubsparadies in Florida Miami
95%
Casinostadt für Superreiche Las Vegas
94%
Heimatstadt einer berühmten Brücke San Francisco
92%
Metropole an den Großen Seen Chicago
87%
Raumfahrtzentrum in Texas Houston
78%
Größte Stadt in Neuengland Boston
77%
Hat den größten Flughafen der Welt Atlanta
70%
Hier findet die größte Auto-Messe der USA statt Detroit
65%
1790 bis 1800 Nationalhauptstadt Philadelphia
60%
Beheimatet das French Quarter New Orleans
59%
Der Name stammt vom Buffalo Creek Buffalo
55%
Auch Charm City genannt Baltimore
23%
Keine übereinstimmenden Quizze gefunden
Verteilung der Resultate
Anzahl Personen mit jedem Resultat
Perzentil nach korrekt beantworteten Fragen
Ihre Resultats-Entwicklung
Sie haben dieses Quiz noch nicht gespielt